Charakteristika dlhopisov diplomová práca

Na minha lista:
Detalhes bibliográficos
Autor principal: Sokolová, Anna
Autor Corporativo: Fakulta podnikového manažmentu EU. Katedra podnikových financií
Outros Autores: Mikloš, Miroslav, 1975-
Formato: Livro
Idioma:eslovaco
Publicado em: Bratislava 2011
Tags: Adicionar Tag
Sem tags, seja o primeiro a adicionar uma tag!

MARC

LEADER 00000nbm a2200000 4500
001 0131309
005 20161109101656.7
041 0 |a slo 
044 |a SK 
245 1 0 |a Charakteristika dlhopisov  |b diplomová práca  |c Anna Sokolová ; školiteľ: Miroslav Mikloš 
264 1 |a Bratislava  |c 2011 
300 |a 58 s. 
100 1 |a Sokolová, Anna 
700 1 |a Mikloš, Miroslav, 1975- 
710 2 |a Fakulta podnikového manažmentu EU. Katedra podnikových financií